| 000 | 00707nam a22002297a 4500 | ||
|---|---|---|---|
| 999 |
_c14636 _d14636 |
||
| 003 | AR-CdUCM | ||
| 008 | 190424b ||||| |||| 00| 0 spa d | ||
| 020 | _a978-9972-232-69-5 | ||
| 040 |
_aMUNICIPALIDAD PROVINCIAL DEL CUSCO _cBIBLIOTECA MUNICIPAL DEL CUSCO |
||
| 082 |
_aPI / 808.06 / _bK46 |
||
| 100 |
_aKeselman, Gabriela _933501 |
||
| 245 | _a¿Dónde está mi tesoro? | ||
| 260 |
_aLima : _bAlfaguara, _c2014. |
||
| 300 |
_bIlustraciones, _c18 cm. |
||
| 500 | _aNo cuenta con numeración de pagina | ||
| 650 |
_aInfantil _96210 |
||
| 650 |
_aTesoro del pirata _933477 |
||
| 650 |
_aPrimera infancia _924660 |
||
| 700 |
_aGrau, Silvia _933502 |
||
| 942 |
_2ddc _cLIBROS |
||
| 945 |
_adavv _d24/04/2019 |
||